[Event "Specialiste Printanier"]
[Site "Montreal CAN"]
[Date "1983.04.23"]
[Round "3"]
[White "Spraggett, Kevin"]
[Black "Rousseau, Daniel"]
[Result "1-0"]
[WhiteElo "2530"]
[BlackElo "2128"]
[PlyCount "63"]
[GameId "2160767912810698"]
[EventDate "1983.04.22"]
[EventType "swiss"]
[EventRounds "8"]
[EventCountry "CAN"]
[SourceTitle "hb 2011"]

1. Nf3 Nf6 2. d4 g6 3. c4 Bg7 4. Nc3 O-O 5. g3 d6 6. Bg2 Nbd7 7. O-O e5 8. e4 c6 9. h3 Qb6 10. Re1 Re8 11. d5 cxd5 12. cxd5 Nc5 13. Rb1 a5 14. Be3 Bd7 15. Nd2 Qc7 16. Bf1 Rec8 17. a4 Ne8 18. Nc4 f5 19. exf5 Bxf5 20. Rc1 Qd8 21. g4 Bd7 22. b3 Rab8 23. Rb1 Qh4 24. Qd2 h6 25. Nb6 Rc7 26. Bxc5 Bxg4 27. hxg4 Qxg4+ 28. Bg2 Rxc5 29. Ne4 Rc7 30. Nc4 Rd8 31. Qxa5 Bf8 32. Qxc7 1-0

[Event "Specialiste Printanier"]
[Site "Montreal CAN"]
[Date "1983.04.24"]
[Round "4"]
[White "Rousseau, Daniel"]
[Black "Picard, Claude"]
[Result "1-0"]
[WhiteElo "2128"]
[BlackElo "2017"]
[PlyCount "85"]
[GameId "2160767912810699"]
[EventDate "1983.04.22"]
[EventType "swiss"]
[EventRounds "8"]
[EventCountry "CAN"]

1. d4 Nf6 2. c4 e6 3. Nc3 Bb4 4. e3 c5 5. Nf3 Nc6 6. Bd3 Bxc3+ 7. bxc3 d6 8. O-O e5 9. Qc2 h6 10. d5 Ne7 11. Nd2 O-O 12. f4 Nd7 13. Nf3 Qc7 14. Bd2 b6 15. Rf2 Bb7 16. Raf1 Rae8 17. fxe5 dxe5 18. Nh4 g5 19. Nf5 Nxf5 20. Rxf5 Qd6 21. a4 Re7 22. Be4 Bc8 23. Qd1 f6 24. Qh5 Rg7 25. Qxh6 Rff7 26. h4 Qf8 27. R5f3 gxh4 28. Bg6 Rxg6 29. Qxg6+ Qg7 30. Qh5 Qh7 31. Qg4+ Kf8 32. Be1 Ba6 33. Bxh4 e4 34. Rf5 Bxc4 35. R1f2 Ne5 36. Rxe5 fxe5 37. Qc8+ Kg7 38. Bf6+ Rxf6 39. Qd7+ Kh8 40. Qd8+ Qg8 41. Qxf6+ Qg7 42. Qh4+ Kg8 43. Rf5 1-0

[Event "Laval III"]
[Site "Laval CAN"]
[Date "1983.03.25"]
[Round "1"]
[White "Balla, Thomas"]
[Black "Rousseau, Daniel"]
[Result "0-1"]
[WhiteElo "1829"]
[BlackElo "2124"]
[PlyCount "38"]
[GameId "2160767912810753"]
[EventDate "1983.03.25"]
[EventType "swiss"]
[EventRounds "5"]
[EventCountry "CAN"]
[SourceTitle "hb 2011"]

1. e4 e5 2. Nf3 Nc6 3. Bb5 a6 4. Ba4 Nf6 5. O-O Be7 6. Re1 O-O 7. Bxc6 dxc6 8. Nxe5 Bd6 9. Nc4 Bxh2+ 10. Kxh2 Ng4+ 11. Kg1 Qh4 12. Qf3 Qh2+ 13. Kf1 Qh5 14. Ke2 f5 15. e5 Be6 16. Nba3 b5 17. Ne3 f4 18. Rh1 Qxh1 19. Nxg4 Bd5 0-1

[Event "Laval III"]
[Site "Laval CAN"]
[Date "1983.03.26"]
[Round "2"]
[White "Rousseau, Daniel"]
[Black "Arsenault, Michel"]
[Result "0-1"]
[WhiteElo "2124"]
[BlackElo "1754"]
[PlyCount "58"]
[GameId "2160767912810756"]
[EventDate "1983.03.25"]
[EventType "swiss"]
[EventRounds "5"]
[EventCountry "CAN"]
[SourceTitle "hb 2011"]

1. e4 c5 2. Nf3 e6 3. d4 cxd4 4. Nxd4 Nf6 5. Nc3 d6 6. g4 h6 7. Be3 Nc6 8. Rg1 Be7 9. Be2 g5 10. Qd2 Rg8 11. O-O-O a6 12. Nb3 b5 13. a3 Rb8 14. h4 Nd7 15. hxg5 hxg5 16. f4 gxf4 17. Bxf4 Nce5 18. g5 Bb7 19. g6 Rxg6 20. Bh5 Rxg1 21. Rxg1 Nf6 22. Qh2 Nxh5 23. Rg8+ Bf8 24. Qxh5 Qf6 25. Qh2 Kd7 26. Rg1 Nf3 27. Bg5 Qxg5+ 28. Rxg5 Nxh2 29. Nd2 Bh6 0-1

[Event "Laval III"]
[Site "Laval CAN"]
[Date "1983.03.26"]
[Round "3"]
[White "Rousseau, Daniel"]
[Black "Leutschaft, Martin"]
[Result "1-0"]
[WhiteElo "2124"]
[BlackElo "1881"]
[PlyCount "43"]
[GameId "2160767912810759"]
[EventDate "1983.03.25"]
[EventType "swiss"]
[EventRounds "5"]
[EventCountry "CAN"]
[SourceTitle "hb 2011"]

1. e4 e5 2. Nf3 d6 3. d4 Nf6 4. dxe5 Nxe4 5. Bc4 c6 6. O-O d5 7. Bd3 Nc5 8. Nd4 Nxd3 9. Qxd3 c5 10. Nf3 Be7 11. Nc3 Be6 12. Bf4 Nc6 13. Rad1 d4 14. Ne4 Nb4 15. Qe2 Nd5 16. Bg5 O-O 17. c3 dxc3 18. bxc3 Qc7 19. c4 Nb4 20. Nc3 Bg4 21. Nb5 Bxf3 22. gxf3 1-0

[Event "Laval III"]
[Site "Laval CAN"]
[Date "1983.03.27"]
[Round "5"]
[White "Spraggett, Kevin"]
[Black "Rousseau, Daniel"]
[Result "1-0"]
[WhiteElo "2538"]
[BlackElo "2124"]
[PlyCount "81"]
[GameId "2160767912810766"]
[EventDate "1983.03.25"]
[EventType "swiss"]
[EventRounds "5"]
[EventCountry "CAN"]
[SourceTitle "hb 2011"]

1. c4 Nf6 2. Nc3 g6 3. Nf3 Bg7 4. g3 O-O 5. Bg2 d6 6. O-O e5 7. d4 Nc6 8. d5 Ne7 9. e4 Ne8 10. b4 f5 11. exf5 Nxf5 12. Ng5 Nd4 13. Nge4 Bd7 14. a4 Qc8 15. a5 Bg4 16. f3 Bh3 17. Ra2 Bxg2 18. Kxg2 Nf6 19. Nxf6+ Rxf6 20. Ne4 Rf8 21. Qd3 h6 22. Raf2 Qd7 23. Bb2 Rf7 24. f4 Raf8 25. fxe5 dxe5 26. Bxd4 exd4 27. Rxf7 Rxf7 28. Nc5 Qg4 29. Rxf7 Kxf7 30. Nxb7 h5 31. Qf3+ Qxf3+ 32. Kxf3 d3 33. Nd8+ Ke8 34. Nc6 Bc3 35. a6 g5 36. Ke3 d2 37. Ke2 g4 38. Nxa7 Bxb4 39. Nc6 Bc5 40. a7 Bxa7 41. Nxa7 1-0

[Event "Quebec-ch qual. 1"]
[Site "Montreal CAN"]
[Date "1983.03.11"]
[Round "1"]
[White "Rousseau, Daniel"]
[Black "Balla, Thomas"]
[Result "1-0"]
[WhiteElo "2128"]
[BlackElo "1771"]
[PlyCount "55"]
[GameId "2160767912810784"]
[EventDate "1983.03.11"]
[EventType "swiss"]
[EventRounds "8"]
[EventCountry "CAN"]
[SourceTitle "hb 2011"]

1. d4 Nf6 2. c4 g6 3. Nc3 Bg7 4. e4 d6 5. f3 O-O 6. Be3 Nc6 7. Nge2 a6 8. Qd2 Rb8 9. Nc1 e5 10. Nb3 exd4 11. Nxd4 Nxd4 12. Bxd4 c6 13. Be2 b5 14. O-O b4 15. Nd1 Re8 16. Nf2 d5 17. cxd5 cxd5 18. e5 Nd7 19. f4 a5 20. Rfd1 Bb7 21. Bb5 Ba8 22. Ba4 Re7 23. Ng4 Nb6 24. Nf6+ Kh8 25. Bc2 Nc4 26. Qf2 Bxf6 27. exf6 Re8 28. Bxg6 1-0

[Event "Quebec-ch qual. 1"]
[Site "Montreal CAN"]
[Date "1983.03.12"]
[Round "2"]
[White "Chabot, Roland"]
[Black "Rousseau, Daniel"]
[Result "1/2-1/2"]
[WhiteElo "1988"]
[BlackElo "2128"]
[PlyCount "111"]
[GameId "2160767912810785"]
[EventDate "1983.03.11"]
[EventType "swiss"]
[EventRounds "8"]
[EventCountry "CAN"]
[SourceTitle "hb 2011"]

1. d4 Nf6 2. c4 g6 3. Nc3 Bg7 4. Nf3 O-O 5. e4 d6 6. Be2 e5 7. d5 a5 8. O-O Nbd7 9. Bg5 h6 10. Bh4 g5 11. Bg3 Nh5 12. Ne1 Nf4 13. Bg4 Nc5 14. Bxc8 Rxc8 15. f3 Qe7 16. Bf2 Nd7 17. Nc2 Ng6 18. Ne3 Qf6 19. Ne2 Ne7 20. Ng3 Qg6 21. Ngf5 Rfe8 22. Qa4 Nc5 23. Qxa5 Kh7 24. Nxe7 Rxe7 25. Nf5 Ree8 26. Bxc5 dxc5 27. Qxc5 Bf8 28. Qb5 b6 29. b4 Red8 30. d6 Bxd6 31. c5 Bf8 32. cxb6 Qxb6+ 33. Qxb6 cxb6 34. a3 Ra8 35. Rfc1 Rd3 36. Rc6 Bxb4 37. Nxh6 Bc5+ 38. Kf1 Rd2 39. Ng4 Bd4 40. Rac1 Rxa3 41. R6c2 Ra2 42. Rxd2 Rxd2 43. Rb1 Kg7 44. Rb5 Kf8 45. Rb3 Ke7 46. Ne3 Bxe3 47. Rxe3 Kd6 48. Rc3 b5 49. Rc8 Rd4 50. Ke2 b4 51. h3 Kd7 52. Rc5 f6 53. g3 Kd6 54. Rc8 Ke6 55. Rc6+ Ke7 56. Rc5 1/2-1/2

[Event "Quebec-ch qual. 1"]
[Site "Montreal CAN"]
[Date "1983.03.12"]
[Round "3"]
[White "Rousseau, Daniel"]
[Black "Pageau, Roger"]
[Result "1-0"]
[WhiteElo "2128"]
[BlackElo "2075"]
[PlyCount "191"]
[GameId "2160767912810787"]
[EventDate "1983.03.11"]
[EventType "swiss"]
[EventRounds "8"]
[EventCountry "CAN"]
[SourceTitle "hb 2011"]

1. e4 e6 2. d4 d5 3. Nd2 Nf6 4. e5 Nfd7 5. Bd3 c5 6. c3 Nc6 7. Ne2 h6 8. O-O cxd4 9. cxd4 Qb6 10. Nf3 g5 11. h3 Be7 12. a3 a5 13. Rb1 Qd8 14. Be3 Nf8 15. Qd2 Bd7 16. Nc3 Ng6 17. Bxg6 fxg6 18. Qc2 Kf7 19. Ne1 Kg7 20. Nd3 Rc8 21. Qd2 b6 22. f4 gxf4 23. Nxf4 Bg5 24. Rf3 Ne7 25. g4 Rf8 26. Rbf1 Kh7 27. Qd3 Bxf4 28. Bxf4 Ng8 29. Kg2 Be8 30. Qd2 Qd7 31. h4 Qc7 32. Qe3 Qb7 33. Qd3 b5 34. h5 b4 35. axb4 axb4 36. Ne2 Rc7 37. g5 hxg5 38. Bxg5 Rxf3 39. Rxf3 Qc6 40. Rf8 Kg7 41. Qf3 Rf7 42. Rxf7+ Bxf7 43. h6+ Nxh6 44. Bxh6+ Kxh6 45. Qxf7 Qc2 46. Qf4+ Kh7 47. Kf3 Qxb2 48. Qc1 Qb3+ 49. Kg4 Qd3 50. Qb2 b3 51. Nc1 Qd1+ 52. Kf4 Qf1+ 53. Ke3 Qg1+ 54. Kd2 Kh6 55. Kc3 Qe3+ 56. Kb4 g5 57. Nxb3 Qd3 58. Qh2+ Kg6 59. Qh8 Qc4+ 60. Ka3 Qa6+ 61. Kb2 Qe2+ 62. Kc1 Qc4+ 63. Kb2 Qe2+ 64. Ka3 Qa6+ 65. Kb4 Qc4+ 66. Ka5 Qxb3 67. Qf6+ Kh5 68. Qxe6 Qc3+ 69. Ka6 Qc4+ 70. Kb7 Kh4 71. Qb6 g4 72. e6 Kh3 73. e7 Qe2 74. Qh6+ Kg2 75. Qf8 Qb5+ 76. Kc7 Qa5+ 77. Kd7 Qb5+ 78. Ke6 Qb6+ 79. Kf7 Qxd4 80. e8=Q g3 81. Qd6 Kf2 82. Qee5 Qxe5 83. Qxe5 g2 84. Qf4+ Ke2 85. Qg3 Kf1 86. Qf3+ Kg1 87. Qxd5 Kf2 88. Qd4+ Kf1 89. Qf4+ Kg1 90. Kg6 Kh1 91. Qh4+ Kg1 92. Kg5 Kf1 93. Qf4+ Ke2 94. Qg3 Kf1 95. Qf3+ Kg1 96. Kg4 1-0

[Event "Quebec-ch qual. 1"]
[Site "Montreal CAN"]
[Date "1983.03.13"]
[Round "4"]
[White "Nadeau, Renaud"]
[Black "Rousseau, Daniel"]
[Result "1-0"]
[WhiteElo "2135"]
[BlackElo "2128"]
[PlyCount "71"]
[GameId "2160767912810788"]
[EventDate "1983.03.11"]
[EventType "swiss"]
[EventRounds "8"]
[EventCountry "CAN"]
[SourceTitle "hb 2011"]

1. c4 c5 2. Nc3 Nc6 3. Nf3 g6 4. e3 Bg7 5. Be2 e5 6. O-O Nge7 7. d4 d6 8. dxc5 dxc5 9. Ne4 O-O 10. Qxd8 Rxd8 11. Nxc5 b6 12. Nb3 a5 13. Nbd2 Ba6 14. Rb1 f5 15. b3 e4 16. Ng5 Rd6 17. a3 h6 18. Ngxe4 fxe4 19. Nxe4 Re6 20. b4 axb4 21. axb4 Bb7 22. Nd2 Ra2 23. c5 Ne5 24. f4 Nf5 25. fxe5 Nxe3 26. Rf2 Rc2 27. Nf3 Ng4 28. Nd4 Nxf2 29. Nxc2 Ne4 30. Bc4 Nc3 31. Bxe6+ Kf8 32. Ra1 Bxe5 33. Bxh6+ Ke7 34. Bg4 Be4 35. Ra7+ Ke8 36. Bd7+ 1-0

[Event "Specialiste ch"]
[Site "Montreal CAN"]
[Date "1983.01.21"]
[Round "1"]
[White "Rousseau, Daniel"]
[Black "Pelletier, Pierre"]
[Result "1-0"]
[WhiteElo "2127"]
[BlackElo "1749"]
[PlyCount "35"]
[GameId "2160767912810940"]
[EventDate "1983.01.21"]
[EventType "swiss"]
[EventRounds "5"]
[EventCountry "CAN"]
[SourceTitle "hb 2011"]

1. e4 e6 2. d4 d5 3. Nd2 Nf6 4. e5 Nfd7 5. Bd3 c5 6. c3 Nc6 7. Ne2 Qb6 8. Nf3 cxd4 9. cxd4 f6 10. exf6 Nxf6 11. O-O Bd6 12. Bg5 O-O 13. Ng3 Be7 14. Ne5 Qd8 15. Bxf6 Bxf6 16. Qh5 g6 17. Nxg6 Qe8 18. Nxf8 1-0

[Event "Specialiste ch"]
[Site "Montreal CAN"]
[Date "1983.01.22"]
[Round "2"]
[White "Delisle, Claude"]
[Black "Rousseau, Daniel"]
[Result "0-1"]
[WhiteElo "1933"]
[BlackElo "2127"]
[PlyCount "76"]
[GameId "2160767912810941"]
[EventDate "1983.01.21"]
[EventType "swiss"]
[EventRounds "5"]
[EventCountry "CAN"]
[SourceTitle "hb 2011"]

1. e4 e5 2. Nf3 Nc6 3. Bb5 a6 4. Ba4 Nf6 5. O-O Be7 6. Re1 b5 7. Bb3 d6 8. c3 O-O 9. h3 Bb7 10. d4 Re8 11. Nbd2 h6 12. Nf1 Bf8 13. Ng3 g6 14. dxe5 dxe5 15. Qe2 Na5 16. Bc2 c5 17. Nh2 Qc7 18. Ng4 Nxg4 19. hxg4 Nc6 20. g5 h5 21. Nxh5 gxh5 22. Qxh5 Qd6 23. Re3 Qg6 24. Qh4 Qh7 25. Qg3 Rad8 26. Rf3 Rd6 27. Be3 Rde6 28. Qg4 Na5 29. Rf1 Nc4 30. Bc1 Nd6 31. Re1 Rg6 32. Rf5 Qg7 33. b3 Be7 34. Be3 Nxf5 35. exf5 Rxg5 36. Bxg5 Qxg5 37. Qh3 Bf6 38. Re3 Kf8 0-1

[Event "Specialiste ch"]
[Site "Montreal CAN"]
[Date "1983.01.23"]
[Round "4"]
[White "Robillard, Jean"]
[Black "Rousseau, Daniel"]
[Result "0-1"]
[WhiteElo "1964"]
[BlackElo "2127"]
[PlyCount "90"]
[GameId "2160767912810945"]
[EventDate "1983.01.21"]
[EventType "swiss"]
[EventRounds "5"]
[EventCountry "CAN"]
[SourceTitle "hb 2011"]

1. e4 e5 2. Nf3 Nc6 3. Bb5 a6 4. Ba4 Nf6 5. O-O Be7 6. Re1 b5 7. Bb3 d6 8. c3 O-O 9. h3 Bb7 10. d4 Re8 11. dxe5 Nxe5 12. Nxe5 dxe5 13. Qf3 c5 14. Nd2 c4 15. Bc2 Nd7 16. Nf1 Nc5 17. Be3 Qc7 18. Bxc5 Bxc5 19. Ne3 Rad8 20. Rad1 Re6 21. Rxd8+ Qxd8 22. Rd1 Rd6 23. Rxd6 Qxd6 24. Qd1 Qxd1+ 25. Nxd1 Kf8 26. Kf1 Ke7 27. Ke2 f5 28. f3 f4 29. b4 Bb6 30. Nf2 h5 31. Nh1 Bc8 32. Bd1 Kf6 33. Ke1 Kg5 34. Be2 Kh4 35. Bf1 g5 36. Kd1 g4 37. hxg4 hxg4 38. fxg4 Bxg4+ 39. Be2 Bxe2+ 40. Kxe2 Kg4 41. Ke1 f3 42. g3 Be3 43. Kf1 Bd2 44. Nf2+ Kxg3 45. Nd1 Kf4 0-1

[Event "Specialiste ch"]
[Site "Montreal CAN"]
[Date "1983.01.23"]
[Round "5"]
[White "Rousseau, Daniel"]
[Black "Barbeau, Sylvain"]
[Result "0-1"]
[WhiteElo "2127"]
[BlackElo "2209"]
[PlyCount "50"]
[GameId "2160767912810947"]
[EventDate "1983.01.21"]
[EventType "swiss"]
[EventRounds "5"]
[EventCountry "CAN"]
[SourceTitle "hb 2011"]

1. e4 c5 2. Nf3 Nc6 3. d4 cxd4 4. Nxd4 Nf6 5. Nc3 d6 6. Bc4 e6 7. Bb3 Be7 8. Be3 O-O 9. O-O a6 10. f4 Re8 11. f5 Nxd4 12. Bxd4 b5 13. Qf3 b4 14. fxe6 fxe6 15. Ne2 Bd7 16. Nf4 Bf8 17. Qh3 Qe7 18. Rae1 a5 19. e5 dxe5 20. Bxe5 a4 21. Bxf6 Qc5+ 22. Kh1 axb3 23. Qg4 Qf5 24. Qd1 Bb5 25. Nd3 bxc2 0-1

[Event "Rafale"]
[Site "Montreal CAN"]
[Date "1982.10.28"]
[Round "1"]
[White "Rousseau, Daniel"]
[Black "Baltgailis, Vesma"]
[Result "1-0"]
[WhiteElo "2180"]
[BlackElo "1704"]
[PlyCount "43"]
[GameId "2160767912811216"]
[EventDate "1982.10.28"]
[EventType "swiss"]
[EventRounds "5"]
[EventCountry "CAN"]
[SourceTitle "hb 2011"]

1. e4 d5 2. exd5 Qxd5 3. Nc3 Qd8 4. d4 g6 5. Nf3 Bg7 6. Bc4 Nh6 7. Bf4 O-O 8. Qd2 Nf5 9. O-O-O c6 10. Bb3 Na6 11. g4 Nd6 12. Ne5 Nc7 13. h4 Ndb5 14. Nxb5 Nxb5 15. a4 Nc7 16. Bh6 Be6 17. Bxg7 Kxg7 18. h5 Bxb3 19. hxg6 fxg6 20. Rxh7+ Kxh7 21. Rh1+ Kg7 22. Qh6+ 1-0

[Event "Rafale"]
[Site "Montreal CAN"]
[Date "1982.10.29"]
[Round "2"]
[White "Pineault, Denis"]
[Black "Rousseau, Daniel"]
[Result "1-0"]
[WhiteElo "1950"]
[BlackElo "2180"]
[PlyCount "99"]
[GameId "2160767912811217"]
[EventDate "1982.10.28"]
[EventType "swiss"]
[EventRounds "5"]
[EventCountry "CAN"]
[SourceTitle "hb 2011"]

1. e4 e5 2. Nf3 Nc6 3. Bb5 a6 4. Ba4 Nf6 5. O-O Be7 6. Re1 b5 7. Bb3 d6 8. c3 O-O 9. h3 Bb7 10. d3 Re8 11. Ng5 Rf8 12. Nf3 Re8 13. Ng5 Rf8 14. Nf3 h6 15. Nbd2 Re8 16. Nf1 Bf8 17. Ne3 Na5 18. Bc2 g6 19. b4 Nc6 20. a4 Qd7 21. Nh2 Bg7 22. Qf3 Kh7 23. Nhg4 Nxg4 24. hxg4 Nd8 25. Nd5 Bxd5 26. exd5 Rc8 27. axb5 axb5 28. Ra7 f5 29. gxf5 Qxf5 30. Qxf5 gxf5 31. d4 e4 32. g4 c6 33. dxc6 Nxc6 34. Rd7 Nxd4 35. cxd4 Rxc2 36. gxf5 Rf8 37. Rxd6 Rxf5 38. Be3 Bf8 39. Re6 Bxb4 40. Ra1 Rc7 41. Rxh6+ Kg7 42. Raa6 Re7 43. Rhg6+ Kf7 44. Bh6 Rd5 45. Rgf6+ Ke8 46. Bf8 Rxd4 47. Bxe7 Bxe7 48. Ra8+ Kd7 49. Ra7+ Ke8 50. Rh6 1-0

[Event "Rafale"]
[Site "Montreal CAN"]
[Date "1982.10.29"]
[Round "3"]
[White "Rousseau, Daniel"]
[Black "Cartier, Guillaume"]
[Result "0-1"]
[WhiteElo "2180"]
[BlackElo "1820"]
[PlyCount "50"]
[GameId "2160767912811218"]
[EventDate "1982.10.28"]
[EventType "swiss"]
[EventRounds "5"]
[EventCountry "CAN"]
[SourceTitle "hb 2011"]

1. e4 c5 2. Nf3 Nc6 3. d4 cxd4 4. Nxd4 e6 5. Be2 Qc7 6. Nc3 a6 7. O-O Nf6 8. Be3 Bb4 9. Na4 Bd6 10. Nxc6 bxc6 11. Nb6 Rb8 12. Nxc8 Rxc8 13. Bxa6 Rb8 14. Bc4 O-O 15. Bd4 Bxh2+ 16. Kh1 Be5 17. f4 Bxd4 18. Qxd4 d5 19. exd5 exd5 20. Bd3 c5 21. Qf2 Rxb2 22. Qh4 Qd7 23. Rf3 Qg4 24. Qe1 Rfb8 25. c3 Qxg2# 0-1

[Event "Beloeil"]
[Site "Beloeil CAN"]
[Date "1982.10.16"]
[Round "1"]
[White "Rousseau, Daniel"]
[Black "Filiatreault, Michel"]
[Result "1-0"]
[WhiteElo "2229"]
[BlackElo "1531"]
[PlyCount "85"]
[GameId "2160767912811223"]
[EventDate "1982.10.16"]
[EventType "swiss"]
[EventRounds "4"]
[EventCountry "CAN"]
[SourceTitle "hb 2011"]

1. e4 c5 2. Nf3 Nc6 3. d4 cxd4 4. Nxd4 d6 5. Bc4 e6 6. Nc3 a6 7. O-O Nf6 8. Bb3 Be7 9. Be3 O-O 10. f4 d5 11. e5 Ne8 12. Qh5 f6 13. Qh3 Nc7 14. Qg3 Nxd4 15. Bxd4 f5 16. Bb6 Qd7 17. Ba4 Nb5 18. Qd3 Qc6 19. Bf2 Bd7 20. Ne2 Qc4 21. Qxc4 dxc4 22. b3 cxb3 23. c4 Nd4 24. Bxd7 Nxe2+ 25. Kh1 Kf7 26. g3 Rfd8 27. Ba4 bxa2 28. Bb3 Nc3 29. Be1 Rd3 30. Bxc3 Rxc3 31. Bxa2 b5 32. cxb5 axb5 33. Bxe6+ Kxe6 34. Rxa8 b4 35. Rd1 Rc2 36. Ra6+ Kf7 37. Rd7 b3 38. Rb7 b2 39. Rab6 Rc1+ 40. Kg2 b1=Q 41. Rxb1 Rxb1 42. Rxb1 g5 43. Rb7 1-0

[Event "Beloeil"]
[Site "Beloeil CAN"]
[Date "1982.10.16"]
[Round "2"]
[White "Dupuis, Denis"]
[Black "Rousseau, Daniel"]
[Result "0-1"]
[WhiteElo "1719"]
[BlackElo "2229"]
[PlyCount "68"]
[GameId "2160767912811225"]
[EventDate "1982.10.16"]
[EventType "swiss"]
[EventRounds "4"]
[EventCountry "CAN"]
[SourceTitle "hb 2011"]

1. d4 Nf6 2. c4 g6 3. Nc3 Bg7 4. e4 d6 5. f3 O-O 6. Be3 Nc6 7. Be2 Re8 8. g4 e5 9. d5 Nd4 10. h4 c5 11. h5 a6 12. hxg6 fxg6 13. Qd2 Qe7 14. Nh3 Bd7 15. Ng5 Rab8 16. Nd1 b5 17. Bxd4 exd4 18. Nf2 h6 19. Ngh3 g5 20. O-O bxc4 21. Bxc4 Bb5 22. Rfc1 Nd7 23. b3 Ne5 24. Qd1 Rf8 25. Nd3 Nxf3+ 26. Kh1 Qxe4 27. Nhf2 Qg6 28. Rc2 h5 29. Re2 hxg4 30. Nxg4 Qh5+ 31. Nh2 g4 32. Rg2 g3 33. Ne1 gxh2 34. Rxh2 Qxh2# 0-1

[Event "Beloeil"]
[Site "Beloeil CAN"]
[Date "1982.10.17"]
[Round "3"]
[White "Rousseau, Daniel"]
[Black "Balla, Thomas"]
[Result "1/2-1/2"]
[WhiteElo "2229"]
[BlackElo "1908"]
[PlyCount "116"]
[GameId "2160767912811226"]
[EventDate "1982.10.16"]
[EventType "swiss"]
[EventRounds "4"]
[EventCountry "CAN"]
[SourceTitle "hb 2011"]

1. e4 e5 2. Nf3 Nc6 3. Bb5 a6 4. Ba4 Nf6 5. O-O Be7 6. Re1 b5 7. Bb3 d6 8. c3 O-O 9. h3 Nb8 10. d4 Nbd7 11. Nbd2 Bb7 12. Bc2 c5 13. d5 g6 14. Nf1 Nh5 15. Bh6 Re8 16. g3 c4 17. Qd2 Bf8 18. N1h2 Bxh6 19. Qxh6 Qf6 20. Qe3 Qg7 21. Ng4 f6 22. Nh6+ Kh8 23. Nd2 Nc5 24. b4 cxb3 25. axb3 Bc8 26. b4 Nb7 27. Kh2 Qe7 28. Rec1 Rf8 29. Bd1 Ng7 30. c4 Qd7 31. g4 f5 32. cxb5 Qxb5 33. Rc7 Qxb4 34. Ra4 f4 35. Qe2 Qb6 36. Rc6 Qd8 37. Nc4 Qh4 38. Nb6 Qxh6 39. Nxa8 Bd7 40. Nb6 Bxc6 41. dxc6 Nc5 42. Nd7 f3 43. Qe3 Qxe3 44. fxe3 Nxd7 45. cxd7 Rd8 46. Rxa6 Ne6 47. Rxd6 Nc5 48. Bxf3 Rxd7 49. Rd5 Rxd5 50. exd5 e4 51. Be2 g5 52. Bb5 Kg7 53. Kg2 Kf6 54. Kf2 Ke5 55. Bc6 Nd3+ 56. Ke2 Nb4 57. Bb7 Nxd5 58. Kd2 Nb4 1/2-1/2

[Event "Beloeil"]
[Site "Beloeil CAN"]
[Date "1982.10.17"]
[Round "4"]
[White "Poulin, Maurice"]
[Black "Rousseau, Daniel"]
[Result "0-1"]
[WhiteElo "2080"]
[BlackElo "2229"]
[PlyCount "72"]
[GameId "2160767912811227"]
[EventDate "1982.10.16"]
[EventType "swiss"]
[EventRounds "4"]
[EventCountry "CAN"]
[SourceTitle "hb 2011"]

1. e4 e5 2. Nf3 Nc6 3. c3 Nf6 4. d3 d5 5. Nbd2 Bc5 6. b4 Bd6 7. Be2 O-O 8. O-O Ne7 9. Qc2 Ng6 10. Re1 Bd7 11. Bf1 Re8 12. Bb2 dxe4 13. dxe4 a5 14. a3 c5 15. b5 Bf8 16. a4 Qc7 17. Nc4 Bg4 18. Nfd2 b6 19. Ne3 Be6 20. Nf5 Ne7 21. Nxe7+ Bxe7 22. Bc4 Qd7 23. Bxe6 Qxe6 24. c4 Nh5 25. Nb1 Rad8 26. g3 Bg5 27. Rd1 Qg4 28. Nc3 Rd4 29. Rxd4 exd4 30. Nd5 Rxe4 31. Nxb6 Re2 32. Qb3 Nf4 33. Rf1 Nh3+ 34. Kg2 Be3 35. Nd5 Nxf2 36. Nxe3 Qe4+ 0-1

[Event "Roger Lemelin"]
[Site "Montreal CAN"]
[Date "1982.10.09"]
[Round "1"]
[White "Desforges, Jean"]
[Black "Rousseau, Daniel"]
[Result "0-1"]
[WhiteElo "1861"]
[BlackElo "2229"]
[PlyCount "56"]
[GameId "2160767912811245"]
[EventDate "1982.10.09"]
[EventType "swiss"]
[EventRounds "6"]
[EventCountry "CAN"]
[SourceTitle "hb 2011"]

1. d4 Nf6 2. c4 g6 3. Nc3 Bg7 4. e4 d6 5. f3 O-O 6. Be3 Nc6 7. Qd2 e5 8. Nge2 a6 9. h4 exd4 10. Nxd4 Nh5 11. g4 Ng3 12. Nxc6 bxc6 13. Rh3 Nxf1 14. Kxf1 h5 15. Rh1 Qf6 16. Ke2 hxg4 17. Rag1 Qxf3+ 18. Ke1 Rb8 19. b3 Re8 20. Bd4 Bf5 21. Rf1 Qg3+ 22. Kd1 Bxe4 23. Bxg7 Kxg7 24. Nxe4 Rxe4 25. h5 Qe5 26. Qc2 Re8 27. hxg6 Qa1+ 28. Qc1 Rd4+ 0-1

[Event "Roger Lemelin"]
[Site "Montreal CAN"]
[Date "1982.10.09"]
[Round "2"]
[White "Rousseau, Daniel"]
[Black "Balla, Thomas"]
[Result "1-0"]
[WhiteElo "2229"]
[BlackElo "1908"]
[PlyCount "53"]
[GameId "2160767912811248"]
[EventDate "1982.10.09"]
[EventType "swiss"]
[EventRounds "6"]
[EventCountry "CAN"]
[SourceTitle "EXT 2022"]
[Source "ChessBase"]
[SourceDate "2021.10.06"]
[SourceVersion "1"]
[SourceVersionDate "2021.10.06"]
[SourceQuality "1"]

1. e4 e5 2. Nf3 Nc6 3. Bb5 a6 4. Ba4 Nf6 5. O-O Be7 6. Re1 b5 7. Bb3 d6 8. c3 O-O 9. h3 Nb8 10. d4 Nbd7 11. Nbd2 Bb7 12. Bc2 Re8 13. b4 Bf8 14. a4 Nb6 15. a5 Nbd7 16. Bb2 g6 17. Rb1 Bg7 18. c4 bxc4 19. d5 c3 20. Bxc3 Nh5 21. g3 Qc8 22. Nc4 Bf8 23. Ba4 c6 24. Rc1 cxd5 25. Bxd7 Qxd7 26. Nb6 Qxh3 27. Ng5 1-0

[Event "Roger Lemelin"]
[Site "Montreal CAN"]
[Date "1982.10.10"]
[Round "3"]
[White "Morin, Louis"]
[Black "Rousseau, Daniel"]
[Result "0-1"]
[WhiteElo "1893"]
[BlackElo "2229"]
[PlyCount "152"]
[GameId "2160767912811250"]
[EventDate "1982.10.09"]
[EventType "swiss"]
[EventRounds "6"]
[EventCountry "CAN"]
[SourceTitle "hb 2011"]

1. e4 e5 2. Nf3 Nc6 3. Bb5 a6 4. Bxc6 dxc6 5. O-O f6 6. d4 Bg4 7. dxe5 Qxd1 8. Rxd1 fxe5 9. Rd3 Bxf3 10. gxf3 Bd6 11. Be3 O-O-O 12. Nd2 Ne7 13. Nc4 Ng6 14. Rad1 Be7 15. Rxd8+ Bxd8 16. Rd3 Bf6 17. Na5 Rd8 18. Rxd8+ Bxd8 19. Nb3 b6 20. Kg2 Kd7 21. Kg3 c5 22. Nc1 Be7 23. c4 Bd6 24. Nd3 Nf8 25. f4 exf4+ 26. Bxf4 Ne6 27. Kf3 Nd4+ 28. Ke3 Nc2+ 29. Kd2 Nd4 30. Ke3 Ke6 31. Bg3 g5 32. f4 gxf4+ 33. Nxf4+ Kd7 34. Nd5 h6 35. Nf6+ Ke6 36. Ne8 Bxg3 37. hxg3 Ke5 38. Nxc7 Nc2+ 39. Kd2 Nd4 40. Kd3 Nf3 41. Nd5 b5 42. cxb5 axb5 43. Nc3 Nd4 44. b3 h5 45. Nb1 Ne6 46. Nd2 Nd4 47. a3 Nxb3 48. Nf3+ Kf6 49. Kc3 Na5 50. Kd3 Nc6 51. Ke3 Ne5 52. Nd2 Kg5 53. Ke2 Kg4 54. Kf2 Nd3+ 55. Kg2 Ne1+ 56. Kf2 Nc2 57. Nb1 c4 58. Kg2 Ne3+ 59. Kf2 Nd1+ 60. Ke2 Nb2 61. Nc3 Kxg3 62. Nxb5 h4 63. Nd4 h3 64. Nf5+ Kf4 65. Kf2 c3 66. Nd4 Kxe4 67. Nb3 Kf4 68. Nd4 Nd3+ 69. Kg1 c2 70. Kh2 c1=Q 71. Ne2+ Kg4 72. Nxc1 Nxc1 73. a4 Nb3 74. Kh1 Kg3 75. Kg1 h2+ 76. Kh1 Nc5 0-1